00659 2200229 4500001002100000005001500021035002000036007000300056008004100059020002200100082000800122084001400130100002900144245008000173260004600253300003200299650003200331700001400363520003000377990001100407990001100418INLIS00000000000215720220428100807 a0010-0818000003ta220428 g 0 ind  a978-602-249-985-5 a297 a297 AHM s0 aAHMAD, Zahrudin M. Nafis1 aSantri (Kembali) Bertanya /cAhmad Zahrudin M. Nafis; penyunting, Mursyidah aJakarta :bPT. Bhuana Ilmu Populer,c2015 axi, 193 hlm. ;c14 x 21 cm. 4aISLAM SEBAGAI PEDOMAN HIDUP0 aMURSYIDAH abibliografi: hlm. 189-193 a16668a a16668b